| 000 | 00386nam a2200145Ia 4500 | ||
|---|---|---|---|
| 008 | 211109s9999||||xx |||||||||||||| ||und|| | ||
| 082 |
_a822.33 _bSHA-K |
||
| 100 | _aShakespeare, William | ||
| 245 | 0 | _aKing Richard II | |
| 260 |
_bUn Known _aThiruvananthapuram _c1920 |
||
| 300 | _a232p. | ||
| 630 | _xGeneral Stack | ||
| 650 |
_aEnglish Litertaure _vEnglish Drama _xEnglish |
||
| 942 | _cBOOK | ||
| 999 |
_c215 _d215 |
||